LEADER 01119nam a2200253 i 4500 001 000000228231 003 CaOOAMICUS 005 20140321000000.0 008 140321s2009 it u000 u mul u 013 $a207133 040 $aSeMil$bita 100 1 $aGiovanni : di Gesù Maria <1564-1615>.$0(OLS)http://semarc/name/13496 245 10$aSacellum exquilinum /$cP. Giovanni di Gesù Maria ; introduzione di P. Giovanni Strina. 260 $aBruxelles :$bÉditions Label,$c2009. 300 $a192 p. :$bill. ;$c24 cm. 490 0 $aIoannes a Iesu Maria 650 4$aGiovanni : di Gesù e Maria - Opere.$0(OLS)http://semarc/subject/29314 700 1 $aStrina, Giovanni Marco .$0(OLS)http://semarc/name/13498 830 0$aIoannes a Iesu Maria.$0(OLS)http://semarc/title/40207 850 $aSeMil 852 $aSeMil$W1$xVenegono$y1$m2C VI 280$j178577$B178577$CSeMilBibl$Z2$F189464 $81 961 $aOmaggio: Glossa 996 $6245$aSacellum exquilinum$9(OLS)http://semarc/title/326675 996 $6260$aBruxelles :$bÉditions Label$9(OLS)http://semarc/publisher/38154 LEADER 01029nam a2200205 i 4500 001 000000041843 003 CaOOAMICUS 005 20090429000000.0 008 090429s1970 it u000 u ita u 013 $a13013 040 $aSeMil$bita 100 1 $aBetti, Umberto .$0(OLS)http://semarc/name/90480 245 13$aLa rivelazione divina nella chiesa :$bla trasmissione della rivelazione nel capitolo 2. della costituzione dommatica Dei Verbum /$cUmberto Betti. 260 $aRoma :$bCittà Nuova,$ccopyr. 1970. 300 $a269 p. ;$c22 cm. 650 4$aConcilio Vaticano II <1962-1965> - Costituzioni dogmatiche . Dei Verbum.$0(OLS)http://semarc/subject/6073 850 $aSeMil 852 $aSeMil$W1$xVenegono$y1$m2A I 194$j7998$B7998$CSeMilBibl$Z2$F7998 $81 996 $6245$aLa rivelazione divina nella chiesa :$bla trasmissione della rivelazione nel capitolo 2. della costituzione dommatica Dei Verbum$9(OLS)http://semarc/title/60776 996 $6260$aRoma :$bCittà Nuova$9(OLS)http://semarc/publisher/29609